Mosby's pocket guide to basic skills and procedures / (Record no. 17491)
[ view plain ]
| 000 -LEADER | |
|---|---|
| fixed length control field | 01038cam a22002774a 4500 |
| 001 - CONTROL NUMBER | |
| control field | 15313395 |
| 005 - DATE AND TIME OF LATEST TRANSACTION | |
| control field | 20130529124159.0 |
| 008 - FIXED-LENGTH DATA ELEMENTS--GENERAL INFORMATION | |
| fixed length control field | 080603s2007 moua bf 001 0 eng |
| 010 ## - LIBRARY OF CONGRESS CONTROL NUMBER | |
| LC control number | 2008530087 |
| 020 ## - INTERNATIONAL STANDARD BOOK NUMBER | |
| International Standard Book Number | 9780323046107 |
| 020 ## - INTERNATIONAL STANDARD BOOK NUMBER | |
| International Standard Book Number | 032304610X |
| 082 00 - DEWEY DECIMAL CLASSIFICATION NUMBER | |
| Classification number | 610.73 |
| Edition number | 22 |
| Item number | PER |
| 100 1# - MAIN ENTRY--PERSONAL NAME | |
| Personal name | Perry, Anne Griffin. |
| 9 (RLIN) | 33301 |
| 245 10 - TITLE STATEMENT | |
| Title | Mosby's pocket guide to basic skills and procedures / |
| Statement of responsibility, etc | Anne Griffin Perry, Patricia A. Potter. |
| 246 3# - VARYING FORM OF TITLE | |
| Title proper/short title | Basic skills and procedures |
| 250 ## - EDITION STATEMENT | |
| Edition statement | 6th ed. |
| 260 ## - PUBLICATION, DISTRIBUTION, ETC. (IMPRINT) | |
| Place of publication, distribution, etc | St. Louis, Mo. : |
| Name of publisher, distributor, etc | Mosby/Elsevier, |
| Date of publication, distribution, etc | c2007. |
| 300 ## - PHYSICAL DESCRIPTION | |
| Extent | x, 629 p. : |
| Other physical details | ill. ; |
| Dimensions | 19 cm. |
| 440 #0 - | |
| -- | Mosby's pocket guide series |
| -- | 33302 |
| 500 ## - GENERAL NOTE | |
| General note | Rev. ed. of: Pocket guide to basic skills and procedures / Anne Griffin Perry, Veronica Peterson, Patricia A. Potter. 2003. |
| 650 #0 - SUBJECT ADDED ENTRY--TOPICAL TERM | |
| Topical term or geographic name as entry element | Nursing |
| Form subdivision | Handbooks, manuals, etc. |
| 9 (RLIN) | 33303 |
| 653 ## - INDEX TERM--UNCONTROLLED | |
| Resource For college | |
| Arrived date list | May2013 |
| 700 1# - ADDED ENTRY--PERSONAL NAME | |
| Personal name | Potter, Patricia Ann. |
| 9 (RLIN) | 33304 |
| 700 1# - ADDED ENTRY--PERSONAL NAME | |
| Personal name | Perry, Anne Griffin. |
| Title of a work | Pocket guide to basic skills and procedures. |
| 9 (RLIN) | 33305 |
| 942 ## - ADDED ENTRY ELEMENTS (KOHA) | |
| Source of classification or shelving scheme | Dewey Decimal Classification |
| Item type | |
| Withdrawn status | Item status | Source of classification or shelving scheme | Damaged status | Not for loan | Vendor | Home library | Current library | Shelving location | Date acquired | Source of acquisition | Cost, normal purchase price | Serial Enumeration / chronology | Total Checkouts | Total Renewals | Full call number | Barcode | Date last seen | Date last borrowed | Cost, replacement price | Koha item type |
|---|---|---|---|---|---|---|---|---|---|---|---|---|---|---|---|---|---|---|---|---|
| Dewey Decimal Classification | Baccah | Central Library | Central Library | First floor | 29/05/2013 | 284.00 | 17806 | 6 | 20 | 610.73 PER | 000028764 | 12/11/2025 | 20/02/2019 | 355.00 | Book - Borrowing |